000 00562nam a2200181Ia 4500
003 GCL
008 140319s9999 xx 000 0 ara d
040 _aGCL /
_cGCL
082 0 4 _aم
_b010.28
_bم م
100 1 _aمكتبة بهادور الخاصة
245 1 0 _aمكتبة بهادور خان الخاصة /
_cمكتبة بهادور الخاصة
300 _a258 ص
650 0 4 _aالمخطوطات العربية
650 0 4 _aالفهارس
650 0 4 _aالمكتبات - فهارس
650 0 4 _aمكتبة بهادور خان
942 _2ddc
_cREF
999 _c59711
_d59711